| 000 | 01269nam a2200241Ii 4500 | ||
|---|---|---|---|
| 003 | JO-AjNU | ||
| 005 | 20240624120225.0 | ||
| 008 | 230605s9999||||xx |||||||||||||| ||und|| | ||
| 040 |
_aJO-AjNU _bara _erda _cJO-AjNU |
||
| 041 | _aara | ||
| 050 | 1 | 4 | _aHF5549.2021 |
| 100 |
_aالقضاة، سامية قاسم سلامة _eمعد _965543 |
||
| 245 | 0 | 0 |
_aأثر مشاركة المعرفة على جودة أداء العاملين بالكليات الجامعية في جامعة البلقاء التطبيقية=The Impact of Knowledge Sharing on Employees' Performance Quality in Al-Balqa Applied University Colleges _c/ اعداد سامية قاسم سلامة القضاة ؛ اشراف ياسر عيسى المومني |
| 264 | 3 | 1 | _a2021 |
| 300 | _a81 ورقة | ||
| 336 |
_atext _btxt _2rdacontent |
||
| 337 |
_aunmediated _bn _2rdamedia |
||
| 338 |
_avolume _bnc _2rdacarrier |
||
| 500 | _aرسالة جامعية ( اطروحة ماجستير) جامعة عجلون الوطنية: كلية ادارة الاعمال ، ادارة الاعمال،2021 | ||
| 650 | 4 |
_aاداء العاملين-الكليات الجامعية-جامعة البلقاء _961413 |
|
| 700 |
_aياسر عيسى محمود المومني _eمشرف _965263 |
||
| 942 |
_2lcc _cTHS |
||
| 999 |
_c31326 _d31326 |
||